000 00786nam a2200241Ia 4500
003 OSt
005 20260105100117.0
008 210716s2018 xx 000 0 und d
020 _a9788126556830
040 _cAIMIT LIBRARY
041 _aeng
082 _a005.764
_bPEAG
100 _aPease, Gene.
_9250071
245 _aHuman capital analytics :
_bhow to harness the potential of your organizations greatest asset /
_cBy Gene Pease, Boyce Byerly and Jac Fitz-eng.
250 _a1st ed.
260 _aNew Delhi :
_bWiley India Pvt Ltd ,
_c2018.
300 _axiv,236 p.;
_bPB
_c24cm.
650 _aMeasurement Plan
_9250072
650 _aBeyond ROI to optimization
_9250073
650 _aShare the story
_9250074
650 _aCausation
_9250075
942 _2ddc
_cBK
_k005.764 PEAG
999 _c197026
_d197026